000 00331 a2200157 4500
001 62016
020 _a9788581810799
040 _cAnchieta - Pituba
100 _aRosaly Braga Chianca
240 1 0 _aGeografia 9
_lpor
245 1 0 _aGeografia 9
300 _a320
362 0 _a2012
650 4 _aGeografia e viagens
942 _cBK
999 _c62016
_d62016